00754nam a2200229Ia 450000500170000000800410001702000150005804100080007308200180008110000180009924501220011725000220023930000260026165000280028765000250031565000280034026400330036833600270040133700330042833800280046104000350048920220316235723.0121119s1993 ag gr 000 0 spa  a95080202100 aspa04a372.66 bV23T1 aVega, Roberto13aEl teatro en la comunidad binstrumento de descolonización cultural, de la acción a la reflexión cRoberto Vega aPrimera edición a143 páginas c23 cm14aCiencias Sociales2LEMB14aTeatro popular2LEMB14aTeatro y sociedad2LEMB aBuenos AiresbEspacio c1993 atextobtxt2rdacontent asin mediaciónbn2rdamedia avolumenbnc2rdacarrier aCO-BoRNBPbspaerdacCO-BoRNBP